000 00524nam a22001697a 4500
003 MACL
005 20160723114903.0
008 160723b xxu||||| |||| 00| 0 eng d
040 _cMACL
041 _aHindi
082 _a891.431 PRE
100 _aप्रीतम, अम्रता
_945154
245 _aएक थी सारा
_cअमृता प्रीतम
260 _aनई दिल्‍ली
_bजगतराम एण्‍ड संस
_c2009
650 _aPoetry
_965051
942 _2ddc
_cHIN
999 _c54740
_d54740